Normal view
MARC view
- تأليف الهاجري،فهد مبارك؛ اشراف الزعبي،خالد سمارة
Entry Personal Name
001 - CONTROL NUMBER
- control field: 50763
003 - CONTROL NUMBER IDENTIFIER
- control field: JO-AjAnu
005 - DATE AND TIME OF LATEST TRANSACTION
- control field: 20230606082345.0
008 - FIXED-LENGTH DATA ELEMENTS
- fixed length control field: 230606|| aca||aabn | a|a d
040 ## - CATALOGING SOURCE
- Original cataloging agency: JO-AjAnu
- Transcribing agency: JO-AjAnu
100 ## - HEADING--PERSONAL NAME
- Personal name: تأليف الهاجري،فهد مبارك؛ اشراف الزعبي،خالد سمارة
670 ## - SOURCE DATA FOUND
- Source citation: Work cat.: (JO-AjAnu)25949: تأليف الهاجري،فهد مبارك؛ اشراف الزعبي،خالد سمارة, author, العقود الادارية عبر الانترنت